LIBRARY & INFORMATION CENTRE, KCAET, TAVANUR

ONLINE PUBLIC ACCESS CATALOGUE (OPAC)

A.P Checkov 1860-1960 (Record no. 5773)

MARC details
000 -LEADER
fixed length control field 00353cam a2200145ua 4500
041 ## - LANGUAGE CODE
Language code of text/sound track or separate title eng
082 ## - DEWEY DECIMAL CLASSIFICATION NUMBER
Classification number 928.23
Item number CHE/AP
100 ## - MAIN ENTRY--AUTHOR NAME
Personal name Checkov, A.P .
245 ## - TITLE STATEMENT
Title A.P Checkov 1860-1960
260 ## - PUBLICATION, DISTRIBUTION, ETC. (IMPRINT)
Place of publication Moscow :
Name of publisher Foreign Language Publishing House ,
Year of publication 1961.
300 ## - PHYSICAL DESCRIPTION
Number of Pages 166 ; .
942 ## - ADDED ENTRY ELEMENTS (KOHA)
Koha item type Books
Holdings
Withdrawn status Lost status Damaged status Home library Current library Date acquired Full call number Accession Number Koha item type
Withdrawn     KAUAET Sanskrit University 07/04/2012 928.23 9095 Books
free website counter